Cuaderno de actividades (Comunidades). (Record no. 112619)
[ view plain ]
| 000 -LEADER | |
|---|---|
| fixed length control field | 00595nam a2200229 a 4500 |
| 001 - CONTROL NUMBER | |
| control field | 0840 |
| 005 - DATE AND TIME OF LATEST TRANSACTION | |
| control field | 20140414131942.0 |
| 008 - FIXED-LENGTH DATA ELEMENTS--GENERAL INFORMATION | |
| fixed length control field | 040930s19uu xx 00 eng d |
| 020 ## - INTERNATIONAL STANDARD BOOK NUMBER | |
| International Standard Book Number | 0-15-310538-0 |
| 050 ## - LIBRARY OF CONGRESS CALL NUMBER | |
| Classification number | TR 307 |
| Item number | Cu1 |
| 245 ## - TITLE STATEMENT | |
| Title | Cuaderno de actividades (Comunidades). |
| 260 ## - PUBLICATION, DISTRIBUTION, ETC. (IMPRINT) | |
| Place of publication, distribution, etc | Orlando, Florida : |
| Name of publisher, distributor, etc | Harcourt Brace, |
| Date of publication, distribution, etc | [n.d.] |
| 300 ## - PHYSICAL DESCRIPTION | |
| Extent | 87 p. : ill. ; cm. |
| 440 ## - SERIES STATEMENT/ADDED ENTRY--TITLE | |
| Title | Harcourt brace social studies |
| 650 ## - SUBJECT ADDED ENTRY--TOPICAL TERM | |
| Topical term or geographic name as entry element | Social studies |
| General subdivision | Spanish |
| -- | Activities. |
| Withdrawn status | Lost status | Damaged status | Use restrictions | Home library | Current library | Shelving location | Date acquired | Source of acquisition | Total Checkouts | Full call number | Barcode | Date last seen | Price effective from | Koha item type |
|---|---|---|---|---|---|---|---|---|---|---|---|---|---|---|
| Munich Library | Munich Library | Teachers Reference Section | 09/30/2004 | TR 307 Cu1 | M3982 | 04/14/2014 | 04/14/2014 | Books | ||||||
| Munich Library | Munich Library | Teachers Reference Section | 09/30/2004 | TR 307 Cu1 | M3980 | 04/14/2014 | 04/14/2014 | Books | ||||||
| Munich Library | Munich Library | Teachers Reference Section | 09/30/2004 | TR 307 Cu1 | M3979 | 04/14/2014 | 04/14/2014 | Books | ||||||
| Munich Library | Munich Library | Teachers Reference Section | 09/30/2004 | TR 307 Cu1 | M3978 | 04/14/2014 | 04/14/2014 | Books | ||||||
| Munich Library | Munich Library | Teachers Reference Section | 09/30/2004 | TR 307 Cu1 | M3977 | 04/14/2014 | 04/14/2014 | Books | ||||||
| Munich Library | Munich Library | Teachers Reference Section | 09/30/2004 | TR 307 Cu1 | M3975 | 04/14/2014 | 04/14/2014 | Books |